Normal view
MARC view
- Amam Abu Muhammad Bin Aesa Tirmazi
Entry Personal Name
001 - CONTROL NUMBER
- control field: 76673
003 - CONTROL NUMBER IDENTIFIER
- control field: NUST
005 - DATE AND TIME OF LATEST TRANSACTION
- control field: 20210628205706.0
008 - FIXED-LENGTH DATA ELEMENTS
- fixed length control field: 210628|| aca||aabn | a|a d
040 ## - CATALOGING SOURCE
- Original cataloging agency: NUST
- Transcribing agency: NUST
100 ## - HEADING--PERSONAL NAME
- Personal name: Amam Abu Muhammad Bin Aesa Tirmazi
670 ## - SOURCE DATA FOUND
- Source citation: Work cat.: (NUST): Amam Abu Muhammad Bin Aesa Tirmazi, Jamia tirmazi sharif, 1984
